[Event "Chigorin Memorial 18th"]
[Site "St Petersburg"]
[Date "2010.11.03"]
[Round "7"]
[White "Demina, Julia"]
[Black "Ibrohimov, Ikrom"]
[Result "1/2-1/2"]
[WhiteElo "2336"]
[BlackElo "2163"]
[PlyCount "29"]
[EventDate "2010.10.28"]
[EventType "swiss"]
[EventRounds "9"]
[EventCountry "RUS"]
[SourceTitle "EXT 2011"]
[Source "ChessBase"]
[SourceDate "2010.11.26"]
[SourceVersion "1"]
[SourceVersionDate "2010.11.26"]
[SourceQuality "1"]

1. d4 g6 2. c4 Bg7 3. Nc3 d6 4. g3 f5 5. Bg2 Nf6 6. d5 0-0 7. Nh3 Na6 8. Nf4 Nc5 9. 0-0 g5 10. Nd3 Nce4 11. Na4 Ng4 12. e3 Nh6 13. f3 Nf6 14. f4 g4 15. Nc3 1/2-1/2

[Event "Chigorin Memorial 18th"]
[Site "St Petersburg"]
[Date "2010.10.29"]
[Round "2"]
[White "Makarov, Marat"]
[Black "Demina, Julia"]
[Result "1/2-1/2"]
[WhiteElo "2521"]
[BlackElo "2336"]
[PlyCount "25"]
[EventDate "2010.10.28"]
[EventType "swiss"]
[EventRounds "9"]
[EventCountry "RUS"]
[SourceTitle "EXT 2011"]
[Source "ChessBase"]
[SourceDate "2010.11.26"]
[SourceVersion "1"]
[SourceVersionDate "2010.11.26"]
[SourceQuality "1"]

1. d4 d5 2. Nf3 Nf6 3. c4 e6 4. Nc3 Be7 5. Bg5 0-0 6. e3 h6 7. Bh4 b6 8. cxd5 Nxd5 9. Bxe7 Qxe7 10. Be2 Bb7 11. Nxd5 Bxd5 12. 0-0 Nd7 13. Qa4 1/2-1/2

[Event "RUS-ch (Women) 60th"]
[Site "St Petersburg"]
[Date "2010.08.30"]
[Round "5"]
[White "Bezgodova, Svetlana"]
[Black "Demina, Julia"]
[Result "1-0"]
[WhiteElo "2114"]
[BlackElo "2336"]
[PlyCount "75"]
[EventDate "2010.08.26"]
[EventType "swiss"]
[EventRounds "9"]
[EventCountry "RUS"]
[SourceTitle "CBM 138 Extra"]
[Source "ChessBase"]
[SourceDate "2010.10.29"]
[SourceVersion "1"]
[SourceVersionDate "2010.10.29"]
[SourceQuality "1"]

1. Nf3 d5 2. e3 Nf6 3. b3 g6 4. Bb2 Bg7 5. c4 c6 6. Be2 0-0 7. 0-0 Bg4 8. d3 Re8 9. Nbd2 Nbd7 10. Rc1 e5 11. cxd5 cxd5 12. h3 Bxf3 13. Nxf3 Re6 14. Qd2 Ne8 15. Rfd1 h6 16. e4 d4 17. Ne1 Rc8 18. Nc2 Rec6 19. Nb4 Rxc1 20. Rxc1 Rxc1+ 21. Qxc1 Nb6 22. a4 Bf8 23. Nc2 Qc7 24. Bd1 Nc8 25. Qd2 Ncd6 26. f4 f6 27. Ne1 Kh7 28. Nf3 Bg7 29. b4 Qf7 30. Bc1 Nc7 31. Qb2 Ne6 32. Bb3 Qe8 33. Qc2 Nxf4 34. Bxf4 exf4 35. Qc7 Qc6 36. Qd8 Ne8 37. Bf7 Qc1+ 38. Kh2 1-0

[Event "RUS-ch (Women) 60th"]
[Site "St Petersburg"]
[Date "2010.08.26"]
[Round "1"]
[White "Markelova, Lubov"]
[Black "Demina, Julia"]
[Result "1/2-1/2"]
[WhiteElo "2075"]
[BlackElo "2336"]
[PlyCount "65"]
[EventDate "2010.08.26"]
[EventType "swiss"]
[EventRounds "9"]
[EventCountry "RUS"]
[SourceTitle "CBM 138 Extra"]
[Source "ChessBase"]
[SourceDate "2010.10.29"]
[SourceVersion "1"]
[SourceVersionDate "2010.10.29"]
[SourceQuality "1"]

1. Nf3 Nf6 2. c4 e6 3. Nc3 Bb4 4. Qc2 c5 5. a3 Ba5 6. d4 cxd4 7. Nxd4 d5 8. cxd5 Nxd5 9. b4 Bb6 10. Nxd5 exd5 11. Bb2 0-0 12. e3 a5 13. Bd3 h6 14. 0-0 axb4 15. axb4 Rxa1 16. Bxa1 Na6 17. Qb2 Qf6 18. Qe2 Qg5 19. Nf3 Qe7 20. Qb2 f5 21. Bxa6 bxa6 22. Ne5 Rf6 23. Qd2 Bb7 24. Bd4 Bc7 25. Nd3 Rg6 26. Nc5 Bxh2+ 27. Kxh2 Qh4+ 28. Kg1 Rxg2+ 29. Kxg2 Qg4+ 30. Kh2 Qh4+ 31. Kg2 Qg4+ 32. Kh2 Qh4+ 33. Kg2 1/2-1/2

[Event "RUS-chT (Women) 11th"]
[Site "Dagomys"]
[Date "2010.04.02"]
[Round "2"]
[White "Ivkina, Olga"]
[Black "Demina, Julia"]
[Result "1-0"]
[WhiteElo "2268"]
[BlackElo "2339"]
[PlyCount "67"]
[EventDate "2010.04.01"]
[EventType "team-tourn"]
[EventRounds "7"]
[EventCountry "RUS"]
[SourceTitle "CBM 135 Extra"]
[Source "ChessBase"]
[SourceDate "2010.05.04"]
[SourceVersion "1"]
[SourceVersionDate "2010.05.04"]
[SourceQuality "1"]

1. e4 c6 2. d4 d5 3. e5 Bf5 4. Nc3 e6 5. g4 Bg6 6. Nge2 f6 7. Bg2 fxe5 8. dxe5 Nd7 9. Nd4 Bf7 10. Qe2 Bc5 11. Be3 Bb4 12. 0-0 a6 13. f4 h5 14. f5 Nxe5 15. g5 Ne7 16. Bf4 Ng4 17. g6 Bg8 18. Nxe6 Bxe6 19. Qxe6 Rf8 20. Na4 Rf6 21. Qe2 Rxf5 22. h3 Nf6 23. Be5 Qd7 24. Rxf5 Qxf5 25. c3 Ba5 26. b4 Bd8 27. Rf1 Qxg6 28. Kh1 Ne4 29. Qf3 Kd7 30. h4 Nf6 31. Bh3+ Ng4 32. Nc5+ Kc8 33. Rg1 b6 34. Rxg4 1-0

[Event "Moscow op-C (Women)"]
[Site "Moscow"]
[Date "2010.02.07"]
[Round "9.7"]
[White "Ju, Wenjun"]
[Black "Demina, Julia"]
[Result "1/2-1/2"]
[WhiteElo "2512"]
[BlackElo "2344"]
[PlyCount "73"]
[EventDate "2010.01.30"]
[EventType "swiss"]
[EventRounds "9"]
[EventCountry "RUS"]
[SourceTitle "EXT 2023"]
[Source "ChessBase"]
[SourceDate "2022.10.05"]
[SourceVersion "1"]
[SourceVersionDate "2022.10.05"]
[SourceQuality "1"]

1. d4 Nf6 2. c4 e6 3. Nf3 Bb4+ 4. Bd2 a5 5. g3 d5 6. Bxb4 axb4 7. Nbd2 0-0 8. Bg2 b6 9. Qc2 Bb7 10. 0-0 Qe7 11. Nb3 Na6 12. Nfd2 Rfd8 13. e4 dxe4 14. Nxe4 Nxe4 15. Bxe4 Bxe4 16. Qxe4 Qd6 17. Rad1 c6 18. Kg2 h6 19. Rd3 Nc7 20. Rd2 Qd7 21. Nc1 Qd6 22. Nd3 b5 23. Ne5 Ra6 24. Rc1 bxc4 25. Rxc4 Nd5 26. Rdc2 Rxa2 27. Rxc6 Qe7 28. Rc8 Qe8 29. Qf3 f6 30. Rxd8 Qxd8 31. Nd3 Ra1 32. h4 Ra6 33. Qe4 Ne7 34. Nf4 Qd7 35. Kh3 f5 36. Qe5 Rd6 37. Qa5 1/2-1/2

[Event "RUS Cup final (Women)"]
[Site "St Petersburg"]
[Date "2009.11.07"]
[Round "3.1"]
[White "Demina, Julia"]
[Black "Kovalevskaya, Ekaterina"]
[Result "0-1"]
[WhiteElo "2341"]
[BlackElo "2427"]
[PlyCount "260"]
[EventDate "2009.11.03"]
[EventType "k.o."]
[EventRounds "5"]
[EventCountry "RUS"]
[SourceTitle "EXT 2010"]
[Source "ChessBase"]
[SourceDate "2010.11.25"]
[SourceVersion "1"]
[SourceVersionDate "2010.11.25"]
[SourceQuality "1"]

1. d4 Nf6 2. Nf3 e6 3. c4 b6 4. g3 Bb4+ 5. Bd2 Bxd2+ 6. Qxd2 Bb7 7. Bg2 0-0 8. Nc3 Ne4 9. Nxe4 Bxe4 10. d5 e5 11. Qe3 Bxf3 12. exf3 d6 13. 0-0 a5 14. Rfe1 Nd7 15. Re2 Nc5 16. b3 Qd7 17. Rd1 f5 18. f4 Rae8 19. Bf1 exf4 20. Qxf4 Rxe2 21. Bxe2 Qe7 22. Bd3 g6 23. h4 Re8 24. Kg2 Qf6 25. Qg5 Kg7 26. Qxf6+ Kxf6 27. Kf1 h6 28. Bc2 g5 29. hxg5+ hxg5 30. Rd2 g4 31. Rd4 Rg8 32. Ke2 Nd7 33. Rf4 Rg5 34. a3 Ne5 35. b4 axb4 36. axb4 Rh5 37. Ke3 Ng6 38. Rd4 Rh1 39. Rd1 Rxd1 40. Bxd1 Ke5 41. b5 Nf8 42. Bc2 Nd7 43. Bb1 Nc5 44. Bc2 Nb7 45. Bb1 Na5 46. Bd3 Nb3 47. Bc2 Nc5 48. Bb1 Ne4 49. Bd3 Ng5 50. Be2 Nf7 51. Bd3 Nh8 52. Bc2 Ng6 53. Bd1 Kf6 54. Be2 Kg5 55. f4+ gxf3 56. Bxf3 Ne5 57. Be2 Ng4+ 58. Kd4 Nf6 59. Ke3 Nd7 60. Bf3 Kf6 61. Kd4 Ne5 62. Be2 Nf7 63. Bf3 Ng5 64. Bg2 Nh7 65. Bf3 Kg5 66. Ke3 Nf6 67. Be2 Ne4 68. Kf3 Nc3 69. Bd3 Na4 70. Be2 Nc5 71. Ke3 Nd7 72. Bd1 Ne5 73. Be2 Kf6 74. Kd4 Kg6 75. Bd1 Kg5 76. Be2 Ng4 77. Bf3 Nh2 78. Be2 Kf6 79. Kd3 Kg5 80. Ke3 Ng4+ 81. Kd4 Nh6 82. Ke3 Ng8 83. Bd1 Ne7 84. Bf3 Kf6 85. Kd4 Ng6 86. Bh5 Ne5 87. Be2 Kg6 88. Bf1 Kg5 89. Be2 f4 90. gxf4+ Kxf4 91. Bh5 Nd7 92. Be2 Nf6 93. Bd1 Ne4 94. Bc2 Nf2 95. Bg6 Nh1 96. Bc2 Ng3 97. Bg6 Kf3 98. Kd3 Nf1 99. Bh5+ Kf4 100. Kd4 Nd2 101. Bd1 Ne4 102. Bh5 Nc5 103. Bd1 Nd7 104. Bh5 Kf5 105. Be2 Nf6 106. Bf3 Kf4 107. Bd1 Ne4 108. Bc2 Ng5 109. Bd1 Nh7 110. Bh5 Nf6 111. Bd1 Nd7 112. Bh5 Kg5 113. Be2 Kf5 114. Bh5 Ne5 115. Bd1 Kg5 116. Be2 Kf4 117. Bh5 Kg3 118. Bd1 Kf2 119. Bh5 Nd7 120. Kd3 Ne5+ 121. Kd4 Kf1 122. Kc3 Ke1 123. Be8 Ke2 124. Bh5+ Ke3 125. Be8 Nd3 126. Bg6 Nf4 127. Bb1 Ne2+ 128. Kc2 Kd4 129. Kd2 Nf4 130. Ba2 Nd3 0-1

[Event "Chigorin Memorial 17th"]
[Site "St Petersburg"]
[Date "2009.10.24"]
[Round "9"]
[White "Marzano, Carlo"]
[Black "Demina, Julia"]
[Result "0-1"]
[WhiteElo "2209"]
[BlackElo "2377"]
[PlyCount "90"]
[EventDate "2009.10.16"]
[EventType "swiss"]
[EventRounds "9"]
[EventCountry "RUS"]
[SourceTitle "CBM 132 Extra"]
[Source "ChessBase"]
[SourceDate "2009.11.03"]
[SourceVersion "1"]
[SourceVersionDate "2009.11.03"]
[SourceQuality "1"]

1. d4 Nf6 2. Nf3 e6 3. Bg5 c5 4. e3 b6 5. Nbd2 Be7 6. Bd3 Nc6 7. c3 Bb7 8. 0-0 d6 9. a3 h6 10. Bh4 g5 11. Bg3 Nh5 12. Qe2 a6 13. b4 Nxg3 14. fxg3 g4 15. Ne1 Rg8 16. Nc2 d5 17. bxc5 bxc5 18. Rab1 Qc7 19. c4 dxc4 20. Bxc4 Na5 21. Bd3 h5 22. Be4 Rg7 23. Bxb7 Nxb7 24. Ne4 c4 25. Nf6+ Bxf6 26. Rxf6 Nd6 27. Rh6 Kd7 28. Rxh5 f5 29. Qf2 Rb8 30. Qe1 Rb3 31. Rh8 Qb6 32. Rc1 Re7 33. a4 Kc7 34. a5 Qb5 35. Ra1 Rb2 36. Na3 Qb3 37. h4 gxh3 38. Rxh3 Rg7 39. Kh2 Kb7 40. Qf1 c3 41. Qf3+ Ne4 42. Qf4 c2 43. Qe5 Rc7 44. Rh6 Qxa3 45. Qxe6 Qd6 0-1

[Event "Chigorin Memorial 17th"]
[Site "St Petersburg"]
[Date "2009.10.18"]
[Round "3"]
[White "Yakovich, Yuri"]
[Black "Demina, Julia"]
[Result "1-0"]
[WhiteElo "2576"]
[BlackElo "2377"]
[PlyCount "47"]
[EventDate "2009.10.16"]
[EventType "swiss"]
[EventRounds "9"]
[EventCountry "RUS"]
[SourceTitle "CBM 132 Extra"]
[Source "ChessBase"]
[SourceDate "2009.11.03"]
[SourceVersion "1"]
[SourceVersionDate "2009.11.03"]
[SourceQuality "1"]

1. c4 c6 2. Nf3 d5 3. e3 Nf6 4. Nc3 g6 5. d4 Bg7 6. Be2 0-0 7. 0-0 e6 8. b4 b6 9. a4 dxc4 10. Bxc4 Nd5 11. Qb3 Nxc3 12. Qxc3 a5 13. bxa5 Rxa5 14. Ba3 Re8 15. Qb3 Ba6 16. Rfc1 Bxc4 17. Rxc4 c5 18. Rac1 cxd4 19. Nxd4 Rd5 20. Nb5 Rd3 21. Qb1 Qd7 22. Rc7 Qd5 23. Rc8 Rd8 24. Be7 1-0

[Event "St Petersburg Rudenko Memorial (Women)"]
[Site "St Petersburg"]
[Date "2009.09.02"]
[Round "8"]
[White "Shulakova, Svetlana"]
[Black "Demina, Julia"]
[Result "1/2-1/2"]
[WhiteElo "2151"]
[BlackElo "2378"]
[PlyCount "83"]
[EventDate "2009.08.24"]
[EventType "swiss"]
[EventRounds "9"]
[EventCountry "RUS"]
[SourceTitle "CBM 132 Extra"]
[Source "ChessBase"]
[SourceDate "2009.11.03"]
[SourceVersion "1"]
[SourceVersionDate "2009.11.03"]
[SourceQuality "1"]

1. d4 Nf6 2. c4 e6 3. Nc3 Bb4 4. Qc2 0-0 5. a3 Bxc3+ 6. Qxc3 Ne4 7. Qc2 f5 8. g3 b6 9. Bg2 Bb7 10. Nf3 Nf6 11. 0-0 Be4 12. Qc3 a5 13. b4 Nc6 14. b5 Ne7 15. a4 Ng6 16. Ba3 Re8 17. Rfd1 d6 18. Rac1 Rc8 19. e3 Qe7 20. Qb2 Red8 21. c5 Qd7 22. cxd6 cxd6 23. Rxc8 Rxc8 24. Rc1 Ne7 25. Rxc8+ Nxc8 26. Qc1 Qb7 27. Ne1 Bxg2 28. Nxg2 Kf7 29. Nf4 g5 30. Ne2 g4 31. Nf4 Ne4 32. Qc4 d5 33. Qc1 Ncd6 34. Bxd6 Nxd6 35. Nd3 Nc4 36. Ne5+ Nxe5 37. dxe5 Ke8 38. Qc3 Qd7 39. Kf1 Qb7 40. Kg1 Qd7 41. Kf1 Qb7 42. Kg1 1/2-1/2

[Event "St Petersburg Rudenko Memorial (Women)"]
[Site "St Petersburg"]
[Date "2009.08.26"]
[Round "1"]
[White "Markelova, Lubov"]
[Black "Demina, Julia"]
[Result "1-0"]
[WhiteElo "2010"]
[BlackElo "2378"]
[PlyCount "89"]
[EventDate "2009.08.24"]
[EventType "swiss"]
[EventRounds "9"]
[EventCountry "RUS"]
[SourceTitle "CBM 132 Extra"]
[Source "ChessBase"]
[SourceDate "2009.11.03"]
[SourceVersion "1"]
[SourceVersionDate "2009.11.03"]
[SourceQuality "1"]

1. Nf3 d5 2. d4 c6 3. c4 dxc4 4. a4 Nf6 5. Nc3 e6 6. e3 a5 7. Bxc4 Bb4 8. 0-0 0-0 9. Qc2 Nbd7 10. Rd1 Re8 11. e4 h6 12. Ba2 Nf8 13. e5 Nd5 14. Ne4 Bd7 15. Nfd2 f5 16. exf6 Nxf6 17. Nc4 Nxe4 18. Qxe4 Qe7 19. Rd3 c5 20. Bxh6 Bc6 21. Qg4 Qf6 22. Bg5 Qg6 23. Rg3 cxd4 24. Bb1 Qf7 25. Ne5 Qc7 26. Nxc6 Qxc6 27. Be4 Qd7 28. Bf6 Re7 29. Bxe7 Qxe7 30. Rh3 Rc8 31. Qh5 Rc7 32. Qh8+ Kf7 33. Qh5+ Kg8 34. Bh7+ Nxh7 35. Qxh7+ Kf7 36. Qh5+ Kf8 37. Qh8+ Kf7 38. Rf3+ Kg6 39. g4 Rc5 40. Rd1 Qd7 41. Kg2 Re5 42. h4 Bc5 43. h5+ Kg5 44. Qh7 Kxg4 45. Qg6+ 1-0

[Event "St Petersburg Baltic Queen (Women)"]
[Site "St Petersburg"]
[Date "2009.08.15"]
[Round "5"]
[White "Cramling, Pia"]
[Black "Demina, Julia"]
[Result "1-0"]
[WhiteElo "2525"]
[BlackElo "2378"]
[PlyCount "125"]
[EventDate "2009.08.11"]
[EventType "tourn"]
[EventRounds "9"]
[EventCountry "RUS"]
[EventCategory "8"]
[SourceTitle "CBM 131 Extra"]
[Source "ChessBase"]
[SourceDate "2009.09.03"]
[SourceVersion "2"]
[SourceVersionDate "2009.09.16"]
[SourceQuality "1"]

1. d4 d5 2. Nf3 c6 3. c4 dxc4 4. e3 Be6 5. Qc2 Nd7 6. Bxc4 Bxc4 7. Qxc4 e6 8. 0-0 Ngf6 9. Nc3 Be7 10. e4 0-0 11. Bf4 Rc8 12. Rfd1 h6 13. h3 a5 14. Qe2 Re8 15. Rac1 Qb6 16. Rc2 Bf8 17. Rdc1 Ra8 18. Be3 Qa6 19. Qxa6 Rxa6 20. a3 Rd8 21. Kf1 Be7 22. Ke2 Kf8 23. g4 Ne8 24. Nd2 e5 25. Nf3 exd4 26. Nxd4 Nd6 27. Rd1 Nc4 28. Bc1 a4 29. Nf5 b5 30. Na2 Nde5 31. Rxd8+ Bxd8 32. f4 Nd7 33. Nb4 Rb6 34. Ne3 Na5 35. Bd2 c5 36. Nbd5 Rb7 37. Nf5 Nc4 38. Bc3 f6 39. h4 Ndb6 40. Nxb6 Bxb6 41. h5 Bc7 42. Nh4 Ke8 43. Ng6 Bd8 44. e5 fxe5 45. Nxe5 Nd6 46. Nd3 Bb6 47. Kf3 Re7 48. Ne5 c4 49. Rd2 Bc5 50. Rd5 Rc7 51. Ng6 Nb7 52. f5 Rf7 53. Nf4 Rd7 54. Rxd7 Kxd7 55. Bxg7 Nd6 56. Ne6 Bb6 57. Bc3 Nf7 58. Ke4 Kc6 59. f6 Nd6+ 60. Ke5 Bf2 61. Nd8+ Kd7 62. f7 Bg3+ 63. Kd5 1-0

[Event "RUS-ch (Women) 59th"]
[Site "Voronezh"]
[Date "2009.06.04"]
[Round "4"]
[White "Demina, Julia"]
[Black "Manakova, Maria"]
[Result "1-0"]
[WhiteElo "2375"]
[BlackElo "2303"]
[PlyCount "137"]
[EventDate "2009.06.01"]
[EventType "swiss"]
[EventRounds "9"]
[EventCountry "RUS"]
[SourceTitle "CBM 130 Extra"]
[Source "ChessBase"]
[SourceDate "2009.07.02"]
[SourceVersion "2"]
[SourceVersionDate "2009.07.15"]
[SourceQuality "1"]

1. d4 d5 2. Nf3 e6 3. c4 c6 4. Qc2 Nf6 5. Nbd2 Nbd7 6. g3 Bd6 7. Bg2 e5 8. cxd5 cxd5 9. dxe5 Nxe5 10. Nxe5 Bxe5 11. Nf3 Bd6 12. 0-0 0-0 13. Be3 Be6 14. Rac1 Qd7 15. Nd4 Bh3 16. Qb3 Rae8 17. Nb5 Bxg2 18. Kxg2 b6 19. Rfd1 Re4 20. Bd4 Be5 21. Rc2 a6 22. Bxe5 Rxe5 23. Nd4 Rh5 24. h4 b5 25. Rc6 Ra8 26. Rdc1 Re5 27. Qf3 Ne8 28. e3 h6 29. R1c5 Ra7 30. Qf4 Re4 31. Qf5 Qxf5 32. Nxf5 g6 33. Nd4 Re5 34. Rc8 Rd7 35. R5c6 Kg7 36. Rxa6 Nd6 37. Rb8 Nc4 38. Rxb5 Re8 39. Rc6 Ra8 40. a3 Ne5 41. Rcc5 Nd3 42. Rc3 Ne5 43. Ne2 Ng4 44. Rcc5 Nf6 45. Ra5 Rb8 46. b4 g5 47. Nd4 gxh4 48. Nf5+ Kg6 49. Nxh4+ Kh7 50. Rc6 Ng4 51. Nf5 h5 52. f3 Ne5 53. Rh6+ Kg8 54. Rxh5 Re8 55. Ra6 Ng6 56. b5 Rc8 57. b6 f6 58. Rh6 Rc2+ 59. Kh3 Ne5 60. Rxf6 Rh7+ 61. Nh4 Nd3 62. Ra8+ Kg7 63. Rg6+ Kf7 64. Ra7+ Kf8 65. Rxh7 Nf2+ 66. Kg2 Ne4+ 67. Kf1 Rc1+ 68. Ke2 Rc2+ 69. Kd1 1-0

[Event "RUS-ch (Women) 59th"]
[Site "Voronezh"]
[Date "2009.06.03"]
[Round "3"]
[White "Murashova, Ekaterina"]
[Black "Demina, Julia"]
[Result "0-1"]
[WhiteElo "2280"]
[BlackElo "2375"]
[PlyCount "110"]
[EventDate "2009.06.01"]
[EventType "swiss"]
[EventRounds "9"]
[EventCountry "RUS"]
[SourceTitle "CBM 130 Extra"]
[Source "ChessBase"]
[SourceDate "2009.07.02"]
[SourceVersion "2"]
[SourceVersionDate "2009.07.15"]
[SourceQuality "1"]

1. e4 c6 2. d4 d5 3. e5 c5 4. c3 Nc6 5. Nf3 cxd4 6. cxd4 Bg4 7. Bb5 Qb6 8. Nc3 e6 9. 0-0 Nge7 10. Be3 a6 11. Bd3 Bxf3 12. Qxf3 Qxb2 13. Rfc1 Qa3 14. Rab1 Ra7 15. Qd1 Qa5 16. Na4 Qc7 17. Bd2 Nc8 18. f4 g6 19. g4 Bh6 20. Qf1 Bf8 21. f5 Qd7 22. fxg6 hxg6 23. Qf6 Rg8 24. Nc5 Bxc5 25. Rxc5 Qe7 26. Qf2 Rh8 27. Rf1 Nb6 28. Bc1 Na4 29. Rc2 Rh7 30. Qe3 Qb4 31. Rcf2 b5 32. Bxg6 fxg6 33. Ba3 Qc3 34. Rf8+ Kd7 35. Qxc3 Nxc3 36. Bc5 Rb7 37. R1f7+ Rxf7 38. Rxf7+ Kc8 39. Rf8+ Nd8 40. Rg8 a5 41. Rxg6 b4 42. g5 a4 43. Rg8 b3 44. axb3 axb3 45. Ba3 Ne2+ 46. Kf1 Nxd4 47. h4 Rh7 48. g6 Rxh4 49. Be7 Rf4+ 50. Kg2 N4c6 51. Ba3 Rg4+ 52. Kh3 Nxe5 53. g7 Rg6 54. Kh4 Kd7 55. Kh5 Ndf7 0-1

[Event "RUS-chT (Women) 10th"]
[Site "Dagomys"]
[Date "2009.04.04"]
[Round "3"]
[White "Demina, Julia"]
[Black "Girya, Olga"]
[Result "1-0"]
[WhiteElo "2375"]
[BlackElo "2335"]
[PlyCount "97"]
[EventDate "2009.04.02"]
[EventType "team-tourn"]
[EventRounds "7"]
[EventCountry "RUS"]
[SourceTitle "CBM 129 Extra"]
[Source "ChessBase"]
[SourceDate "2009.05.05"]
[SourceVersion "2"]
[SourceVersionDate "2009.05.20"]
[SourceQuality "1"]

1. d4 d5 2. c4 c6 3. Nf3 e6 4. Qc2 Nf6 5. Nbd2 Nbd7 6. g3 Bd6 7. Bg2 0-0 8. 0-0 Re8 9. b3 e5 10. cxd5 cxd5 11. dxe5 Nxe5 12. Bb2 Nc6 13. e3 Bg4 14. a3 Bh5 15. b4 Bg6 16. Qd1 Bd3 17. Re1 a5 18. Qb3 Bg6 19. bxa5 Nxa5 20. Qb5 Qd7 21. Nd4 Be5 22. Qxd7 Nxd7 23. Bxd5 Nc5 24. Bc3 Red8 25. Bg2 Nab3 26. N2xb3 Nxb3 27. Ra2 Ra7 28. Bb4 Nxd4 29. exd4 Bxd4 30. Rd2 Raa8 31. Bxb7 Rab8 32. Bf3 f6 33. Ba5 Bb6 34. Rxd8+ Bxd8 35. Bxd8 Rxd8 36. Ra1 Kf8 37. a4 Bd3 38. Rd1 Ke7 39. h4 Ba6 40. Rxd8 Kxd8 41. Be4 g6 42. f4 Kc7 43. Kf2 Kd6 44. Ke3 Kc5 45. Bd3 Bb7 46. a5 f5 47. a6 Bd5 48. Be2 Be4 49. Bf3 1-0

[Event "EU-ch (Women) 10th"]
[Site "St Petersburg"]
[Date "2009.03.11"]
[Round "4"]
[White "Daulyte Cornette, Deimante"]
[Black "Demina, Julia"]
[Result "0-1"]
[WhiteElo "2279"]
[BlackElo "2361"]
[PlyCount "108"]
[EventDate "2009.03.08"]
[EventType "swiss"]
[EventRounds "11"]
[EventCountry "RUS"]
[SourceTitle "CBM 129 Extra"]
[Source "ChessBase"]
[SourceDate "2009.05.05"]
[SourceVersion "2"]
[SourceVersionDate "2009.05.20"]
[SourceQuality "1"]

1. e4 c5 2. Nf3 d6 3. d4 cxd4 4. Nxd4 Nf6 5. Nc3 a6 6. Bg5 e6 7. f4 h6 8. Bh4 Nc6 9. Nb3 Be7 10. Qf3 g5 11. Bg3 gxf4 12. Bxf4 Ne5 13. Qe2 b5 14. 0-0-0 Qc7 15. a3 Bd7 16. Qd2 Rc8 17. Bd3 h5 18. Rhf1 Rg8 19. Kb1 Rb8 20. Bg5 Rg6 21. h4 a5 22. Ne2 Nc4 23. Qc3 e5 24. Bxc4 bxc4 25. Ng3 Be6 26. Bxf6 Bxf6 27. Nf5 Be7 28. g3 a4 29. Nc1 Rg4 30. Rde1 Qb7 31. Na2 Rxe4 32. Ng7+ Kd7 33. Rxe4 Qxe4 34. Nxh5 Qe2 35. Nf6+ Bxf6 36. Rxf6 Ke7 37. Rf3 d5 38. Nc1 Qe4 39. Re3 Qd4 40. Qxd4 exd4 41. Rf3 Kd6 42. Ka1 Kc5 43. Ne2 Bg4 44. Nxd4 Kxd4 45. Rf4+ Ke3 46. Rxg4 d4 47. c3 d3 48. Kb1 f5 49. Rxc4 Rg8 50. Rf4 Rxg3 51. Rf1 f4 52. Kc1 d2+ 53. Kc2 f3 54. h5 Rh3 0-1

[Event "Moscow op (Women)"]
[Site "Moscow"]
[Date "2009.02.05"]
[Round "6"]
[White "Demina, Julia"]
[Black "Ushenina, Anna"]
[Result "1/2-1/2"]
[WhiteElo "2361"]
[BlackElo "2499"]
[PlyCount "68"]
[EventDate "2009.01.31"]
[EventType "swiss"]
[EventRounds "9"]
[EventCountry "RUS"]
[SourceTitle "CBM 128 Extra"]
[Source "ChessBase"]
[SourceDate "2009.03.05"]
[SourceVersion "2"]
[SourceVersionDate "2009.03.25"]
[SourceQuality "1"]

1. d4 Nf6 2. c4 c5 3. dxc5 Na6 4. Nf3 Nxc5 5. g3 g6 6. Bg2 Bg7 7. 0-0 0-0 8. Nc3 d6 9. h3 Bd7 10. Be3 Qa5 11. a3 Na4 12. Nxa4 Bxa4 13. b3 Bc6 14. Bd4 Rfc8 15. Qe1 Qa6 16. a4 b6 17. Qb4 Rab8 18. Nh4 Qb7 19. Rfd1 Bxg2 20. Nxg2 Qe4 21. Ne3 h5 22. Qd2 Rd8 23. Rac1 Rbc8 24. Bxf6 Bxf6 25. Nd5 Bg7 26. Qe3 Qxe3 27. Nxe3 Kf8 28. Kg2 Rc5 29. Rd3 Rdc8 30. Rd5 Rxd5 31. Nxd5 e6 32. Ne3 d5 33. Rd1 dxc4 34. Nxc4 Ke8 1/2-1/2

[Event "Moscow op (Women)"]
[Site "Moscow"]
[Date "2009.01.31"]
[Round "1"]
[White "Koroteeva, Ksenia"]
[Black "Demina, Julia"]
[Result "0-1"]
[WhiteElo "1951"]
[BlackElo "2361"]
[PlyCount "64"]
[EventDate "2009.01.31"]
[EventType "swiss"]
[EventRounds "9"]
[EventCountry "RUS"]
[SourceTitle "EXT 2012"]
[Source "ChessBase"]
[SourceDate "2011.11.24"]
[SourceVersion "1"]
[SourceVersionDate "2011.11.24"]
[SourceQuality "1"]

1. e4 c5 2. Nf3 d6 3. d4 cxd4 4. Nxd4 Nf6 5. Nc3 a6 6. Bc4 e6 7. Be3 b5 8. Bb3 Be7 9. Qe2 0-0 10. 0-0-0 b4 11. Na4 Qa5 12. g4 Bd7 13. Nb6 Qxb6 14. Nxe6 Qb7 15. Nxg7 Kxg7 16. g5 Ng4 17. Bd4+ Kg8 18. f4 Nc6 19. h3 Nxd4 20. Rxd4 Ne5 21. Qh5 Be6 22. Rg1 Bxb3 23. fxe5 Qc6 24. axb3 dxe5 25. Rd2 Qxe4 26. Kb1 Rad8 27. Rdg2 Kh8 28. Re2 Qf5 29. Qh4 Bc5 30. Rge1 Bd4 31. Qg3 Qf4 32. Qg2 Rg8 0-1

[Event "RUS Cup final (Women)"]
[Site "Serpukhov"]
[Date "2008.11.10"]
[Round "3.2"]
[White "Demina, Julia"]
[Black "Matveeva, Svetlana"]
[Result "1/2-1/2"]
[WhiteElo "2357"]
[BlackElo "2411"]
[PlyCount "42"]
[EventDate "2008.11.05"]
[EventType "k.o."]
[EventRounds "5"]
[EventCountry "RUS"]
[SourceTitle "EXT 2009"]
[Source "ChessBase"]
[SourceDate "2008.11.26"]
[SourceVersion "1"]
[SourceVersionDate "2008.11.26"]
[SourceQuality "1"]

1. d4 g6 2. Nf3 Bg7 3. g3 c5 4. d5 b5 5. Bg2 d6 6. 0-0 Nf6 7. Re1 0-0 8. h3 Bb7 9. e4 Na6 10. a4 bxa4 11. Rxa4 Nd7 12. Nc3 Nb6 13. Ra1 Nc7 14. Na4 e6 15. Nxb6 axb6 16. Rxa8 Qxa8 17. dxe6 Nxe6 18. Ng5 Qd8 19. Nxe6 fxe6 20. c3 d5 21. exd5 Bxd5 1/2-1/2

[Event "RUS Cup final (Women)"]
[Site "Serpukhov"]
[Date "2008.11.10"]
[Round "3.4"]
[White "Demina, Julia"]
[Black "Matveeva, Svetlana"]
[Result "0-1"]
[WhiteElo "2357"]
[BlackElo "2411"]
[PlyCount "75"]
[EventDate "2008.11.05"]
[EventType "k.o."]
[EventRounds "5"]
[EventCountry "RUS"]
[SourceTitle "EXT 2009"]
[Source "ChessBase"]
[SourceDate "2008.11.26"]
[SourceVersion "1"]
[SourceVersionDate "2008.11.26"]
[SourceQuality "1"]

1. d4 g6 2. Nf3 Bg7 3. e4 d6 4. Be2 Nf6 5. Nc3 c6 6. a4 0-0 7. 0-0 Bg4 8. h3 Bxf3 9. Bxf3 d5 10. e5 Ne8 11. Re1 e6 12. Ne2 c5 13. c3 Nc6 14. g3 Nc7 15. Bg2 cxd4 16. cxd4 Na6 17. h4 Nab4 18. h5 Rc8 19. h6 Bh8 20. Rb1 Qb6 21. Be3 Na5 22. Nc3 a6 23. Bh3 Rc6 24. Bg5 f6 25. exf6 Bxf6 26. Bxf6 Rxf6 27. Re2 Rc4 28. Rd2 Nbc6 29. Ne2 Nb3 30. Rd3 Nbxd4 31. Nxd4 Rxd4 32. Rxd4 Nxd4 33. a5 Qb4 34. Qd3 Nf3+ 35. Kh1 Ng5 36. Bg2 Rxf2 37. Qe3 Ne4 38. Rc1 0-1